Durero y la Edad de Oro del grabado Alemán (Record no. 419)

MARC details
000 -CABECERA
campo de control de longitud fija 01068nam a2200277 a 4500
001 - NÚMERO DE CONTROL
campo de control BRCA_485
005 - FECHA Y HORA DE LA ÚLTIMA TRANSACCIÓN
campo de control 20190320203030.0
008 - DATOS DE LONGITUD FIJA--INFORMACIÓN GENERAL
campo de control de longitud fija 971007s1997 sp-a---##b---f000-0#spa-d
020 ## - NÚMERO INTERNACIONAL ESTÁNDAR DEL LIBRO
Número Internacional Estándar del Libro 8481561541
040 ## - FUENTE DE LA CATALOGACIÓN
Centro catalogador/agencia de origen DLC
Centro/agencia transcriptor DLC
050 #4 - SIGNATURA TOPOGRÁFICA DE LA BIBLIOTECA DEL CONGRESO
Número de clasificación NE654.D9
Número de documento/Ítem .H85 1997
100 1# - ENTRADA PRINCIPAL--NOMBRE DE PERSONA
Nombre de persona Huidobro, Concha
9 (RLIN) 1671
245 10 - MENCIÓN DE TÍTULO
Título Durero y la Edad de Oro del grabado Alemán
Resto del título s. XV-XVI
Mención de responsabilidad, etc. Concha Huidobro, [Friedrich Edelmayer].
260 ## - PUBLICACIÓN, DISTRIBUCIÓN, ETC.
Lugar de publicación, distribución, etc. Madrid
Nombre del editor, distribuidor, etc. Electa : Biblioteca Nacional
Fecha de publicación, distribución, etc. 1997
300 ## - DESCRIPCIÓN FÍSICA
Extensión 95 p.
Otras características físicas il.
Dimensiones 24 cm.
440 #0 - MENCIÓN DE SERIE/PUNTO DE ACCESO ADICIONAL--TÍTULO
Título Guías artísticas Electa
9 (RLIN) 1672
500 ## - NOTA GENERAL
Nota general Catálogo de la exposición realizada en la Biblioteca Nacional de Madrid, 1997
504 ## - NOTA DE BIBLIOGRAFÍA, ETC.
Nota de bibliografía, etc. Bibliografía: p. 86-88
600 14 - PUNTO DE ACCESO ADICIONAL DE MATERIA--NOMBRE DE PERSONA
Nombre de persona Dürer, Albrecht
Fechas asociadas al nombre 1471-1528
Subdivisión general Exposiciones
9 (RLIN) 1673
610 24 - PUNTO DE ACCESO ADICIONAL DE MATERIA--NOMBRE DE ENTIDAD CORPORATIVA
Nombre de entidad corporativa o nombre de jurisdicción como elemento de entrada Biblioteca Nacional
Subdivisión general Exposiciones
Subdivisión geográfica España
9 (RLIN) 1674
650 14 - PUNTO DE ACCESO ADICIONAL DE MATERIA--TÉRMINO DE MATERIA
Término de materia o nombre geográfico como elemento de entrada Grabado alemán
Subdivisión de forma Exposiciones
Subdivisión cronológica Siglo XV-XVI
9 (RLIN) 1675
650 14 - PUNTO DE ACCESO ADICIONAL DE MATERIA--TÉRMINO DE MATERIA
Término de materia o nombre geográfico como elemento de entrada Libros ilustrados
Subdivisión cronológica Siglo XV-XVI
Subdivisión geográfica Alemania
9 (RLIN) 1676
650 14 - PUNTO DE ACCESO ADICIONAL DE MATERIA--TÉRMINO DE MATERIA
Término de materia o nombre geográfico como elemento de entrada Impresiones
Subdivisión general Exposiciones
Subdivisión cronológica Renacimiento
Subdivisión geográfica Alemania
9 (RLIN) 1677
700 1# - PUNTO DE ACCESO ADICIONAL--NOMBRE DE PERSONA
Nombre de persona Edelmayer, Friedrich
9 (RLIN) 1678
942 ## - ELEMENTOS DE PUNTO DE ACCESO ADICIONAL (KOHA)
Fuente del sistema de clasificación o colocación Library of Congress Classification
Tipo de ítem Koha Libros
Holdings
Estado de retiro Estado de pérdida Estado dañado No para préstamo Localización permanente Ubicación/localización actual Fecha de adquisición Total de préstamos Signatura topográfica completa Código de barras Fecha visto por última vez Precio válido a partir de Tipo de ítem Koha
El ejemplar forma parte de la colección y puede ser consultado según las políticas vigentes.       Biblioteca del Museo Franz Mayer (Rogerio Casas-Alatriste) Biblioteca del Museo Franz Mayer (Rogerio Casas-Alatriste) 25/06/2008   NE654.D9 .H85 1997 00786 22/03/2019 22/03/2019 Libros